000 00633cam a22002291a 4500
001 sa 64001418
003 DLC
005 20260227112002.0
008 830323s1963 ii 000 0beng
010 _asa 64001418
025 _aPL480:I-E-2455
035 _a(OCoLC)9339522
040 _aDLC
_cHU
_dHU
_dDLC
042 _apremarc
050 0 0 _aDS481.G3
_bR264
100 1 _aRajagopalachari, C.
_q(Chakravarti),
_d1878-1972.
245 1 0 _aGandhiji's teachings and philosophy.
250 _a1st ed.
260 _aBombay :
_bBharatiya Vidya Bhavan,
_c1963.
300 _a34 p. ;
_c19 cm.
600 1 0 _aGandhi,
_cMahatma,
_d1869-1948.
999 _c56737
_d56737